Comment diminuer la misére (Record no. 136074)
[ view plain ]
| 000 -LEADER | |
|---|---|
| campo de control de longitud fija | 00565nam a2200169 4500 |
| 001 - NÚMERO DE CONTROL | |
| campo de control | 136074 |
| 003 - IDENTIFICADOR DE NÚMERO DE CONTROL | |
| campo de control | ES-MaACL |
| 005 - FECHA Y HORA DE LA ÚLTIMA TRANSACCIÓN | |
| campo de control | 20230906195029.0 |
| 007 - CAMPO FIJO DE DESCRIPCIÓN FÍSICA--INFORMACIÓN GENERAL | |
| campo de control de longitud fija | t| |
| 008 - DATOS DE LONGITUD FIJA--INFORMACIÓN GENERAL | |
| campo de control de longitud fija | 070214q1910 fr r ||||1| fre d |
| 100 1# - ENTRADA PRINCIPAL--NOMBRE DE PERSONA | |
| Nombre de persona | Rowntree, B. Seebohm. |
| 9 (RLIN) | 100189 |
| 245 10 - MENCIÓN DEL TÍTULO | |
| Título | Comment diminuer la misére |
| Resto del título | : etudes sur la Belgique / |
| Mención de responsabilidad, etc. | B. Seebohm Rowntree ; traduit de l'anglais par A. -J. -A Hotermans. |
| 260 ## - PUBLICACIÓN, DISTRIBUCIÓN, ETC. | |
| Lugar de publicación, distribución, etc. | Paris : |
| Nombre del editor, distribuidor, etc. | Corbeil, |
| Fecha de publicación, distribución, etc. | [1910?] |
| 300 ## - DESCRIPCIÓN FÍSICA | |
| Extensión | XVI, 652 p., 21 lám. ; |
| Dimensiones | 23 cm + |
| Material acompañante/anejo | 6 map. |
| 700 1# - ENTRADA AGREGADA--NOMBRE PERSONAL | |
| Nombre de persona | Hotermans, A. -J. -A. |
| 9 (RLIN) | 64308 |
| 852 ## - LOCALIZACIÓN | |
| Ubicación | ES-MaACL |
| Número de control de estantería | F-9403 |
| Estatus retirado | Estado de pérdida | Estado de daño | No para préstamo | Biblioteca de origen | Biblioteca actual | Ubicación en estantería | Fecha de adquisición | Fuente de adquisición | Total de préstamos | Signatura topográfica completa | Código de barras | Visto por última vez | Precio de reemplazo | Tipo de ítem Koha |
|---|---|---|---|---|---|---|---|---|---|---|---|---|---|---|
| Biblioteca del Ateneo de Madrid | Biblioteca del Ateneo de Madrid | Sala Pecera Planta 2 | 17/01/2008 | F-9403 | 1141621 | 23/02/2023 | 23/02/2023 | Libro impreso |
